Statistics for Ebert's Most Hated #2

Click here to take the quiz!

General Stats

  • This quiz has been taken 30 times
  • The average score is 2 of 10

Answer Stats

HintAnswer% Correct
"I believe that the shark wants revenge against Mrs. Brody. [...] After all, her husband was one of the men who hunted this shark and killed it, blowing it to bits. And what shark wouldn't want revenge against the survivors of the men who killed it?"Jaws: The Revenge
88%
"Matthew McConaughey and Kate Hudson star. I neglected to mention that, maybe because I was trying to place them in this review's version of the Witness Protection Program."How to Lose a Guy in 10 Days
28%
"I am required to award stars to movies I review. This time, I refuse to do it. The star rating system is unsuited to this film. Is the movie good? Is it bad? Does it matter? It is what it is and occupies a world where the stars don't shine."The Human Centipede
24%
"[Title] is an agonizing experience in every category I can think of and others still wanting to be invented. The laws of chance suggest that something should've gone right. Not here. It puts a nail in the coffin of low-rent 3D, but it will need a lot more coffins than that."The Last Airbender
12%
"Young Men: If you attend this crap with friends who admire it, tactfully inform them they are idiots. Young women: If your date likes this movie, tell him you've been thinking it over, and you think you should consider some time apart."Battle: Los Angeles
4%
"You (the lab rat) are placed in a Skinner box (the movie theater) and subjected to random negative stimuli (filmed violence, as a substitue for electrical jolts.)"Funny Games
4%
"[Title] wasn't written and directed, it was committed."Dirty Love
0%
"This is the kind of movie where they'll bring a couple of characters onscreen and begin to set up a joke and then, just when you realize you can predict exactly what's going to happen ... not only doesn't it happen, but nothing happens - they just cut to some different characters!"Police Academy
0%
"The movie 'Ed Wood', about the worst director of all time, was made to prepare us for [this movie]."Stargate
0%
"Last year, I reviewed a nine-hour documentary about the lives of Mongolian yak herdsmen, and I would rather see it again than sit through [title]."The Frighteners
0%

Score Distribution

Percentile by Number Answered

Percent of People with Each Score

Your Score History

You have not taken this quiz